"Precios de transferecia", rentabilidad y esfuerzos de investigación y desarrollo.Un estudio de casos en el mercado farmacéutico (Registro nro. 16246)

Detalles MARC
000 -LEADER
fixed length control field 00419 a2200109 4500
001 - CONTROL NUMBER
control field ART_3242
005 - DATE AND TIME OF LATEST TRANSACTION
control field 20260410161713.0
008 - FIXED-LENGTH DATA ELEMENTS--GENERAL INFORMATION
fixed length control field 260409a
100 1# - MAIN ENTRY--PERSONAL NAME
Personal name Katz, Jorge M.
245 10 - TITLE STATEMENT
Title "Precios de transferecia", rentabilidad y esfuerzos de investigación y desarrollo.Un estudio de casos en el mercado farmacéutico
773 0# - HOST ITEM ENTRY
Title Desarrollo económico
Related parts - Vol. 16, Nº 62 (jul./sep. 1976)
Record control number REV1174

No hay ítems disponibles.